| 000 | 00751nam a2200229 4500 | ||
|---|---|---|---|
| 003 | OSt | ||
| 005 | 20240730061410.0 | ||
| 006 | a | ||
| 008 | 240730b |||||||| |||| 00| 0 eng d | ||
| 020 | _a9780763778163 | ||
| 040 |
_aDWCL-Main lib. _cOC |
||
| 082 |
_2Second edition _aCirc. 610.73 S623u 2011 |
||
| 100 | _aSitzman, Kathleen L. | ||
| 245 | _aUnderstanding the work of nurse theorists : a creative beginning / | ||
| 250 | _aSecond edition | ||
| 260 |
_aSudbury Mass : _bJones and Bartlett Pub. , _cc2011. |
||
| 300 |
_axiii, _b241 p. : col. ill. ; _c23 cm. |
||
| 504 | _aIncludes bibliographical references & index. | ||
| 650 | _a1. Nursing models. | ||
| 650 | _a2. Nursing-Philosophy. | ||
| 942 |
_2ddc _n0 _cBK-CIRC _eSecond edition _kCirc. |
||
| 999 |
_c2965 _d2965 |
||